000 01398nam a2200241Ia 4500
003 Ost
005 20260507075250.0
008 260507s9999||||xx |||||||||||||| ||und||
020 _a9770460302
040 _cfsecg
041 _aara
082 _a330
100 _aالمغربي، ابراهيم متولى ابراهيم حسن
_eمؤلف
245 0 _aالآثار الاقتصادية للتمويل بالعجز من منظور الفقه الإسلامى والإقتصادى الوضعى /
_c ابراهيم متولى ابراهيم حسن المغربي
260 _aالإسكندرية:
_bدار الفكر الجامعي,
_c2010
300 _a522 صفحة؛
_c24 سم
504 _aقائمة المراجع ص.459
520 _aالتعريف بمفردات البحث،التمويل بالعجز في الاقتصاد الوضعى والاقتصاد الاسلامى،الحاجة الى التمويل بالعجز في الاقتصاد الوضعى والاقتصاد الاسلامى،مصادر التمويل بالعجز في الاقتصاد الوضعى والاقتصاد الاسلامى،آثار التمويل بالعجز،التثبيت من فاعلية التمويل بالعجز وبدائله.
653 _aالإقتصاد الإسلامي
653 _aالتمويل
653 _aالتمويل- الفقه الإسلامي
942 _cكتاب
999 _c43682
_d43682